| 000 | 00478pab a2200181 454500 | ||
|---|---|---|---|
| 008 | 180718b2009 xxu||||| |||| 00| 0 eng d | ||
| 100 | _aLu, Jiangyong | ||
| 245 | _aTrends and determinants of China's industrial agglomeration | ||
| 260 | _c2009 | ||
| 300 | _ap.167-80. | ||
| 362 | _aMar | ||
| 650 | _aIndustrial development - China | ||
| 650 | _aIndustrial development | ||
| 700 | _aTao, Zhigang | ||
| 773 | _aJournal of Urban Economics | ||
| 908 | _aN | ||
| 909 | _a83176 | ||
| 999 |
_c83176 _d83176 |
||